|
|
|
|
| LEADER |
00000nam0a2200000 4500 |
| 001 |
32011 |
| 005 |
20231030204710.0 |
| 010 |
|
|
|a 5217020555
|
| 035 |
|
|
|a (RuTPU)RU\TPU\book\32306
|
| 035 |
|
|
|a BOOK00000056
|
| 090 |
|
|
|a 32011
|
| 100 |
|
|
|a 20011210d1992 m y0rusy50 ca
|
| 101 |
0 |
|
|a rus
|
| 102 |
|
|
|a RU
|
| 105 |
|
|
|a a z 001zy
|
| 200 |
1 |
|
|a Текстовый редактор Лексикон
|f З. П. Вострикова, О. Ю. Вострикова, А. П. Овчинникова
|
| 210 |
|
|
|a Москва
|c Машиностроение
|d 1992
|
| 215 |
|
|
|a 96 с.
|
| 225 |
1 |
|
|a Пользователю ПК
|
| 320 |
|
|
|a Библиогр.: с. 86.
|
| 333 |
|
|
|a Исключено из фонда НТБ ТПУ
|
| 700 |
|
1 |
|a Вострикова
|b З. П.
|g Зоя Петровна
|
| 701 |
|
1 |
|a Вострикова
|b О. Ю.
|g Ольга Юрьевна
|
| 701 |
|
1 |
|a Овчинникова
|b А. П.
|g Анна Петровна
|
| 801 |
|
0 |
|a RU
|b 63413507
|c 20011210
|g PSBO
|
| 801 |
|
2 |
|a RU
|b 63413507
|c 20170529
|g PSBO
|
| 942 |
|
|
|c BK
|